000 00520nam a2200217Ia 4500
003 OSt
005 20220928140643.0
006 a|||||r|||| 00| 0
007 ta
008 220927b |||||||| |||| 00| 0 eng d
024 _a10522
037 _cTextual
040 _aSDCL
_cSDCL
_beng
041 _2eng
_aeng
082 _aO-,3M40:g, L4
100 _aWhite R J
245 0 _aThomas Hardy and history.
260 _c1974
942 _hO-,3M40:g, L4
_cTEXL
_2CC
999 _c813027
_d813027